[Event "SVK-chT2A 1920"]
[Site "Slovakia"]
[Date "2020.03.07"]
[Round "10.7"]
[White "Chlpek, Daniel"]
[Black "Bardik, Jozef"]
[Result "1-0"]
[WhiteElo "1982"]
[BlackElo "1860"]
[PlyCount "61"]
[EventDate "2019.10.26"]
[EventType "team-tourn"]
[EventRounds "11"]
[EventCountry "SVK"]
[SourceTitle "CBM 195 Extra"]
[Source "ChessBase"]
[SourceDate "2020.05.31"]
[SourceVersion "1"]
[SourceVersionDate "2020.05.31"]
[SourceQuality "1"]
[WhiteTeam "Bratislava Slovan V"]
[BlackTeam "Piestany Kupele"]
[WhiteTeamCountry "SVK"]
[BlackTeamCountry "SVK"]

1. e4 c6 2. d4 d5 3. e5 Bf5 4. h4 h6 5. c4 e6 6. Nc3 Bb4 7. Nge2 dxc4 8. Ng3 b5 9. Nxf5 exf5 10. Be3 Ne7 11. a3 Bxc3+ 12. bxc3 h5 13. Be2 Qa5 14. Bd2 g6 15. Bf3 Nd5 16. 0-0 Qd8 17. a4 0-0 18. Bg5 Qd7 19. Qd2 Qe6 20. Rfb1 bxa4 21. Rxa4 Nd7 22. Rxc4 N7b6 23. Rc5 Na4 24. Bf6 Kh7 25. Bxd5 cxd5 26. Rc7 Nb6 27. Qa2 Nd7 28. Bg5 Rfc8 29. Rxc8 Rxc8 30. Qxa7 Kg7 31. Rb7 1-0

[Event "SVK-chT4 A21 1920"]
[Site "Slovakia"]
[Date "2020.02.23"]
[Round "9.3"]
[White "Bardik, Jozef"]
[Black "Mraz, Jan"]
[Result "1-0"]
[WhiteElo "1860"]
[BlackElo "1661"]
[PlyCount "75"]
[EventDate "2019.10.13"]
[EventType "team-tourn"]
[EventRounds "11"]
[EventCountry "SVK"]
[SourceTitle "CBM 195 Extra"]
[Source "ChessBase"]
[SourceDate "2020.05.31"]
[SourceVersion "1"]
[SourceVersionDate "2020.05.31"]
[SourceQuality "1"]
[WhiteTeam "Piestany Kupele III"]
[BlackTeam "Gbely Nafta III"]
[WhiteTeamCountry "SVK"]
[BlackTeamCountry "SVK"]

1. d4 b6 2. c4 e6 3. Nc3 Bb4 4. a3 Bxc3+ 5. bxc3 Bb7 6. Nf3 d5 7. e3 Nd7 8. cxd5 Bxd5 9. Bb2 Ne7 10. Bd3 Ng6 11. e4 Bb7 12. 0-0 Nf6 13. Re1 0-0 14. Rc1 Rc8 15. c4 c5 16. d5 exd5 17. cxd5 Nf4 18. Bb1 Ba6 19. g3 N4h5 20. d6 Qd7 21. e5 Ne8 22. Ng5 g6 23. Nxh7 Kxh7 24. Qxh5+ Kg8 25. Qh6 Qg4 26. Re4 Qh5 27. Qxh5 gxh5 28. d7 Rd8 29. dxe8Q Rfxe8 30. Ra4 Be2 31. Rxa7 Rd2 32. Bc3 Rd1+ 33. Rxd1 Bxd1 34. Rd7 Bg4 35. Rd6 Ra8 36. Bb2 b5 37. Be4 Ra4 38. Rd8+ 1-0

[Event "SVK-chT4 A21 1920"]
[Site "Slovakia"]
[Date "2019.10.27"]
[Round "2.3"]
[White "Bardik, Jozef"]
[Black "Rehak, Vladimir"]
[Result "1/2-1/2"]
[WhiteElo "1844"]
[BlackElo "1618"]
[PlyCount "82"]
[EventDate "2019.10.13"]
[EventType "team-tourn"]
[EventRounds "11"]
[EventCountry "SVK"]
[SourceTitle "CBM 193 Extra"]
[Source "ChessBase"]
[SourceDate "2020.01.31"]
[SourceVersion "1"]
[SourceVersionDate "2020.01.31"]
[SourceQuality "1"]
[WhiteTeam "Piestany Kupele III"]
[BlackTeam "Myjava Spartak"]
[WhiteTeamCountry "SVK"]
[BlackTeamCountry "SVK"]

1. d4 d5 2. c4 e6 3. Nc3 Nf6 4. e3 Be7 5. Bd2 c6 6. f4 Nbd7 7. c5 b6 8. b4 Ne4 9. Nf3 Bb7 10. Be2 Bh4+ 11. g3 Be7 12. 0-0 0-0 13. Qc2 f5 14. Nxe4 dxe4 15. Ne5 Nxe5 16. fxe5 Qd7 17. Qb3 Rae8 18. Rad1 b5 19. a4 a6 20. Ra1 Ra8 21. Rfc1 g5 22. Rf1 Kg7 23. a5 Rae8 24. Rf2 g4 25. Kg2 Rh8 26. Rh1 h5 27. h3 Bg5 28. Rff1 Bc8 29. Qd1 Ref8 30. hxg4 hxg4 31. Rxh8 Rxh8 32. Bxg4 fxg4 33. Qxg4 Qe7 34. Qxe4 Bd7 35. Qg4 Rh6 36. e4 Rg6 37. Bxg5 Qxg5 38. Qf3 Qe7 39. Rh1 Qg5 40. Rf1 Qe7 41. Rh1 Qg5 1/2-1/2

[Event "SVK-ch Seniors-B"]
[Site "Tatranske Matliare"]
[Date "2016.06.06"]
[Round "2"]
[White "Mesiarik, Rudolf"]
[Black "Bardik, Jozef"]
[Result "1-0"]
[WhiteElo "2069"]
[BlackElo "1864"]
[PlyCount "61"]
[EventDate "2016.06.05"]
[EventType "swiss"]
[EventRounds "9"]
[EventCountry "SVK"]
[SourceTitle "EXT 2023"]
[Source "ChessBase"]
[SourceDate "2022.10.05"]
[SourceVersion "1"]
[SourceVersionDate "2022.10.05"]
[SourceQuality "1"]

1. Nf3 Nf6 2. c4 g6 3. g3 Bg7 4. Bg2 0-0 5. 0-0 c5 6. Nc3 Nc6 7. d4 cxd4 8. Nxd4 Nxd4 9. Qxd4 d6 10. Qd3 a6 11. h3 Qc7 12. Bd2 Rb8 13. Rac1 Rd8 14. b4 Bd7 15. Be3 Bc6 16. f3 Be8 17. g4 h6 18. h4 Rbc8 19. g5 hxg5 20. hxg5 Qxc4 21. Qxc4 Rxc4 22. gxf6 Bxf6 23. Nd5 Rxc1 24. Rxc1 Bc6 25. Nxf6+ exf6 26. Bd4 Kg7 27. Kf2 g5 28. Bh3 Kg6 29. e4 Bd7 30. Bb6 Rc8 31. Rxc8 1-0

[Event "SVK-chT4A21 1314"]
[Site "Slovakia"]
[Date "2014.01.12"]
[Round "6.4"]
[White "Piestansky, Jan"]
[Black "Bardik, Jozef"]
[Result "0-1"]
[WhiteElo "1658"]
[BlackElo "1878"]
[PlyCount "107"]
[EventDate "2013.10.06"]
[EventType "team-tourn"]
[EventRounds "11"]
[EventCountry "SVK"]
[SourceTitle "EXT 2022"]
[Source "ChessBase"]
[SourceDate "2021.10.06"]
[SourceVersion "1"]
[SourceVersionDate "2021.10.06"]
[SourceQuality "1"]
[WhiteTeam "Chtelnica Kamenar"]
[BlackTeam "Piestany Kupele II"]
[WhiteTeamCountry "SVK"]
[BlackTeamCountry "SVK"]

1. e4 c6 2. Nf3 d5 3. exd5 cxd5 4. d4 Nc6 5. h3 e6 6. c3 Bd6 7. Bb5 Bd7 8. Ba4 Rc8 9. Be3 Nge7 10. 0-0 Ng6 11. Nbd2 0-0 12. Rc1 a6 13. c4 dxc4 14. Nxc4 Bb8 15. Ncd2 b5 16. Bc2 Nb4 17. Bb1 Nd5 18. Nb3 Bd6 19. Qe2 Qe7 20. Nc5 a5 21. a3 Bc6 22. Rc2 Ndf4 23. Qd1 Qf6 24. Nb3 Nxh3+ 25. Kh1 Bxf3 26. Qxf3 Qxf3 27. gxf3 a4 28. Nd2 Rxc2 29. Bxc2 Nhf4 30. Be4 Rc8 31. Re1 h6 32. Nb1 b4 33. Rc1 Rxc1+ 34. Bxc1 Ne2 35. Be3 e5 36. d5 Ngf4 37. Kh2 Kf8 38. Bd2 bxa3 39. bxa3 g6 40. Bc2 h5 41. Bxa4 Nxd5 42. Bc6 Nc7 43. Bb4 Ke7 44. Kg2 Nd4 45. Bxd6+ Kxd6 46. Bb7 Kc5 47. Be4 f5 48. Bd3 Nd5 49. Ba6 g5 50. Nd2 Nb6 51. Nb1 g4 52. fxg4 hxg4 53. Nd2 Ne6 54. Bd3 0-1

[Event "SVK-chT4A21 1314"]
[Site "Slovakia"]
[Date "2013.10.20"]
[Round "2.4"]
[White "Bardik, Jozef"]
[Black "Bjel, Tomas"]
[Result "1-0"]
[WhiteElo "1878"]
[BlackElo "1674"]
[PlyCount "65"]
[EventDate "2013.10.06"]
[EventType "team-tourn"]
[EventRounds "11"]
[EventCountry "SVK"]
[SourceTitle "EXT 2022"]
[Source "ChessBase"]
[SourceDate "2021.10.06"]
[SourceVersion "1"]
[SourceVersionDate "2021.10.06"]
[SourceQuality "1"]
[WhiteTeam "Piestany Kupele II"]
[BlackTeam "Vrbove"]
[WhiteTeamCountry "SVK"]
[BlackTeamCountry "SVK"]

1. d4 d5 2. c4 e6 3. Nc3 Bb4 4. Nf3 Ne7 5. a3 Bxc3+ 6. bxc3 0-0 7. cxd5 Qxd5 8. Qc2 b6 9. e4 Qc6 10. Bd3 Bb7 11. 0-0 Nd7 12. Rb1 a6 13. c4 Ng6 14. a4 e5 15. d5 Qd6 16. Qc3 Rfe8 17. a5 Rab8 18. h4 Qf6 19. Bg5 Qd6 20. h5 Ne7 21. Nh4 Nc5 22. Bc2 f6 23. Be3 Bc8 24. f4 Bg4 25. h6 g6 26. fxe5 fxe5 27. Nf3 Nd7 28. Ng5 bxa5 29. Rxb8 Rxb8 30. c5 Nxd5 31. Bb3 Rxb3 32. Qxb3 Nxc5 33. Qb8+ 1-0